El regreso de Irán: del eje del mal al acuerdo con Estados Unidos /
Guardado en:
| Autor principal: | |
|---|---|
| Formato: | Texto |
| Etiquetas: |
Agregar Etiqueta
Sin Etiquetas, Sea el primero en etiquetar este registro!
|
MARC
| LEADER | 00000 a a2200000 04500 | ||
|---|---|---|---|
| 001 | 48773 | ||
| 003 | |||
| 040 | |||
| 100 | |a Zeraoui, Zidane | ||
| 245 | |a El regreso de Irán: |b del eje del mal al acuerdo con Estados Unidos / |c Zidane Zeraoui | ||
| 773 | |a número257, (2015), páginas 64-77 | ||
| 999 | |c 39035 |d 39035 | ||
